Tribhuvan University Central Library

Practical English grammar and comprehension : (Record no. 120212)

MARC details
000 -LEADER
fixed length control field 00464nam a22001457a 4500
008 - FIXED-LENGTH DATA ELEMENTS--GENERAL INFORMATION
fixed length control field 250212b |||||||| |||| 00| 0 eng d
020 ## - INTERNATIONAL STANDARD BOOK NUMBER
International Standard Book Number 9993355143
082 ## - DEWEY DECIMAL CLASSIFICATION NUMBER
Edition number 23rd
Classification number 425
Item number M277p
100 ## - MAIN ENTRY--PERSONAL NAME
Personal name Marahatta, M P
245 ## - TITLE STATEMENT
Title Practical English grammar and comprehension :
Remainder of title or S L C and advanced level /
Statement of responsibility, etc. M P Marahatta.
260 ## - PUBLICATION, DISTRIBUTION, ETC.
Place of publication, distribution, etc. Kathmandu :
Name of publisher, distributor, etc. Vidyarthi Pustak Bhandar,
Date of publication, distribution, etc. 2060BS.
300 ## - PHYSICAL DESCRIPTION
Extent 341p.
650 ## - SUBJECT ADDED ENTRY--TOPICAL TERM
Topical term or geographic name entry element English language
Form subdivision Grammar
942 ## - ADDED ENTRY ELEMENTS (KOHA)
Source of classification or shelving scheme Dewey Decimal Classification
Koha item type ISBN
Holdings
Withdrawn status Lost status Source of classification or shelving scheme Damaged status Not for loan Home library Current library Date acquired Total Checkouts Full call number Barcode Date last seen Price effective from Koha item type
    Dewey Decimal Classification     Tribhuvan University Central Library Tribhuvan University Central Library 02/12/2025   425 M277p IS2315 02/12/2025 02/12/2025 ISBN